Применение биотехнологии для переработки липидов растительного происхождения в ценные продукты и их влияние на здоровье человека (Запись № 11359532)
[ простой вид ]
| 000 -МАРКЕР | |
|---|---|
| контрольное поле | 03436nam0a2200493 4500 |
| 001 - ИДЕНТИФИКАТОР ЗАПИСИ | |
| контрольное поле | RU\NLR\BIBL_A\011695079 |
| 005 - ИДЕНТИФИКАТОР ВЕРСИИ | |
| контрольное поле | 20190524140058.0 |
| 010 ## - МЕЖДУНАРОДНЫЙ СТАНДАРТНЫЙ НОМЕР КНИГИ (ISBN) | |
| Номер (ISBN) | 978-5-4437-0602-3 |
| Тираж | 100 |
| 021 ## - НОМЕР ГОСУДАРСТВЕННОЙ РЕГИСТРАЦИИ | |
| Код страны | Российская Федерация |
| Номер | КН-П-18-023515 |
| Номер Листа государственной регистраци | КН-П-18-1709 |
| 035 ## - ДРУГИЕ СИСТЕМНЫЕ НОМЕРА | |
| Идентификатор записи | (NLR Aleph) 011695079 |
| 035 ## - ДРУГИЕ СИСТЕМНЫЕ НОМЕРА | |
| Идентификатор записи | (RuMoRGB)009587795 |
| 100 ## - ДАННЫЕ ОБЩЕЙ ОБРАБОТКИ | |
| Данные общей обработки | 20180508d2017 k y0rusy50 ca |
| 101 0# - ЯЗЫК РЕСУРСА | |
| Язык текста, звукозаписи и т.д. | русский |
| 102 ## - СТРАНА ПУБЛИКАЦИИ ИЛИ ПРОИЗВОДСТВА | |
| Страна публикации | Российская Федерация |
| 105 ## - ПОЛЕ КОДИРОВАННЫХ ДАННЫХ: ТЕКСТОВЫЕ МАТЕРИАЛЫ, МОНОГРАФИЧЕСКИЕ | |
| Кодированные данные о монографическом текстовом документе | a z 000zy |
| 200 1# - ЗАГЛАВИЕ И СВЕДЕНИЯ ОБ ОТВЕТСТВЕННОСТИ | |
| Основное заглавие | Применение биотехнологии для переработки липидов растительного происхождения в ценные продукты и их влияние на здоровье человека |
| Сведения, относящиеся к заглавию | монография |
| Первые сведения об ответственности | [К. Н. Сорокина, канд. биол. наук, доцент, Ю. В. Самойлова, А. В. Пилигаев и др.] |
| Последующие сведения об ответственности | под общей редакцией В. Н. Пармона |
| -- | Министерство образования и науки РФ, Новосибирский государственный университет, Институт медицины и психологии, Факультет естественных наук [и др.] |
| 210 ## - ПУБЛИКАЦИЯ, РАСПРОСТРАНЕНИЕ И ДР. | |
| Место издания, распространения и т.д. | Новосибирск |
| Имя издателя, распространителя и т. д. | Издательско-полиграфический центр НГУ |
| Дата издания, распространения и т.д. | 2017 |
| 215 ## - ФИЗИЧЕСКАЯ ХАРАКТЕРИСТИКА | |
| Специфическое обозначение материала и объем | 153 с. |
| Другие сведения о физической характеристике | ил., табл., цв. ил. |
| Размеры | 21 |
| 300 ## - ОБЩИЕ ПРИМЕЧАНИЯ | |
| Текст примечания | Загл. корешка: Применение биотехнологии для переработки липидов растительного происхождения |
| 300 ## - ОБЩИЕ ПРИМЕЧАНИЯ | |
| Текст примечания | Авт. указаны на обороте тит. л. и на 3-й с. |
| 320 ## - ПРИМЕЧАНИЯ О НАЛИЧИИ В ДОКУМЕНТЕ БИБЛИОГРАФИИ / УКАЗАТЕЛЯ | |
| Текст примечания | Библиогр.: с. 123-153 (267 назв.) |
| 516 1# - ЗАГЛАВИЕ НА КОРЕШКЕ [ИЗДАНИЯ] | |
| Заглавие на корешке | Применение биотехнологии для переработки липидов растительного происхождения |
| 606 1# - НАИМЕНОВАНИЕ ТЕМЫ КАК ПРЕДМЕТ | |
| Наименование темы | Биотопливо |
| Тематический подзаголовок | Токсичность |
| Системный номер авторитетной/нормативной записи | 2370110 |
| Идентификатор авторитетной/нормативной записи | RU\NLR\AUTH\6601636510 |
| 606 1# - НАИМЕНОВАНИЕ ТЕМЫ КАК ПРЕДМЕТ | |
| Наименование темы | Биодизельное топливо |
| Тематический подзаголовок | Производство из растительных масел |
| Системный номер авторитетной/нормативной записи | 2349041 |
| Идентификатор авторитетной/нормативной записи | RU\NLR\AUTH\6601626619 |
| 606 1# - НАИМЕНОВАНИЕ ТЕМЫ КАК ПРЕДМЕТ | |
| Наименование темы | Жиры и масла |
| Тематический подзаголовок | Переэтерификация |
| Системный номер авторитетной/нормативной записи | 1115024 |
| Идентификатор авторитетной/нормативной записи | RU\NLR\AUTH\66440956 |
| 606 1# - НАИМЕНОВАНИЕ ТЕМЫ КАК ПРЕДМЕТ | |
| Наименование темы | Биотехнология |
| Тематический подзаголовок | Биокаталитические процессы |
| Системный номер авторитетной/нормативной записи | 2612813 |
| Идентификатор авторитетной/нормативной записи | RU\NLR\AUTH\661549371 |
| 610 0# - НЕКОНТРОЛИРУЕМЫЕ ПРЕДМЕТНЫЕ ТЕРМИНЫ | |
| Предметный термин | ферментативный биокатализ |
| 610 0# - НЕКОНТРОЛИРУЕМЫЕ ПРЕДМЕТНЫЕ ТЕРМИНЫ | |
| Предметный термин | ферментативная переэтерификация липидов |
| 610 0# - НЕКОНТРОЛИРУЕМЫЕ ПРЕДМЕТНЫЕ ТЕРМИНЫ | |
| Предметный термин | биодизельное топливо |
| 686 1# - ИНДЕКСЫ ДРУГИХ КЛАССИФИКАЦИЙ | |
| Индекс | Р284.5 |
| 686 1# - ИНДЕКСЫ ДРУГИХ КЛАССИФИКАЦИЙ | |
| Индекс | Л534 |
| 686 1# - ИНДЕКСЫ ДРУГИХ КЛАССИФИКАЦИЙ | |
| Индекс | Л782.34 |
| 701 #1 - ИМЯ ЛИЦА - АЛЬТЕРНАТИВНАЯ ОТВЕТСТВЕННОСТЬ | |
| Графика поля | Кириллица |
| Материалы, к которым относится поле | rus |
| Начальный элемент ввода | Сорокина |
| Часть имени, кроме начального элемента ввода | К. Н. |
| Дополнения к именам, кроме дат | канд. биол. наук |
| Расширение инициалов личного имени | Ксения Николаевна |
| Системный номер авторитетной/нормативной записи | 190183 |
| Идентификатор авторитетной/нормативной записи | RU\NLR\AUTH\770190234 |
| 701 #1 - ИМЯ ЛИЦА - АЛЬТЕРНАТИВНАЯ ОТВЕТСТВЕННОСТЬ | |
| Начальный элемент ввода | Самойлова |
| Часть имени, кроме начального элемента ввода | Ю. В. |
| Расширение инициалов личного имени | Юлия Валерьевна |
| 701 #1 - ИМЯ ЛИЦА - АЛЬТЕРНАТИВНАЯ ОТВЕТСТВЕННОСТЬ | |
| Начальный элемент ввода | Пилигаев |
| Часть имени, кроме начального элемента ввода | А. В. |
| Расширение инициалов личного имени | Александр Васильевич |
| 702 #1 - ИМЯ ЛИЦА - ВТОРИЧНАЯ ОТВЕТСТВЕННОСТЬ | |
| Код отношения | Редактор |
| Графика поля | Кириллица |
| Материалы, к которым относится поле | rus |
| Начальный элемент ввода | Пармон |
| Часть имени, кроме начального элемента ввода | В. Н. |
| Даты | 1948- |
| Расширение инициалов личного имени | Валентин Николаевич |
| Системный номер авторитетной/нормативной записи | 144573 |
| Идентификатор авторитетной/нормативной записи | RU\NLR\AUTH\770144609 |
| 712 02 - НАИМЕНОВАНИЕ ОРГАНИЗАЦИИ - ВТОРИЧНАЯ ОТВЕТСТВЕННОСТЬ | |
| Код отношения | Прочие |
| Начальный элемент ввода | Новосибирский государственный университет |
| Структурное подразделение | Институт медицины и психологии |
| Системный номер авторитетной/нормативной записи | 594901 |
| Идентификатор авторитетной/нормативной записи | RU\NLR\AUTH\880466407 |
| 942 ## - ДОПОЛНИТЕЛЬНЫЕ ЭЛЕМЕНТЫ ЗАПИСИ (АБИС) | |
| Тип экземпляра АБИС | Книга |
| 980 ## - КОЛЛЕКЦИЯ | |
| Название коллекции | НБР |
| 980 ## - КОЛЛЕКЦИЯ | |
| Название коллекции | Национальная библиография |
Нет доступных экземпляров.